| 000 | 005220000a22001930004500 | ||
|---|---|---|---|
| 090 |
_aAR _b00056 |
||
| 245 | 1 | 0 | _aFuture of biodiversity |
| 650 | 1 | 4 |
_aBiología _992 |
| 650 | 1 | 4 |
_aEvolución _992797 |
| 650 | 1 | 4 |
_aExtinción de especies _917763 |
| 650 | 1 | 4 |
_aEndemismo _948559 |
| 041 | 0 | _aInglés | |
| 700 | 1 |
_aRussell, Gareth J. _992898 |
|
| 700 | 1 |
_aGittleman, John L. _992899 |
|
| 700 | 1 |
_aBrooks, Thomas M. _992900 |
|
| 100 | 1 |
_aPimm, Stuart L. _99391 |
|
| 942 | _cARTICULO | ||
| 773 | 1 |
_tScience _3685 _q347-351 _d1995 _g269 |
|
| 999 |
_c9158 _d9158 |
||